Loading...
Book shelf
| Main Author: | |
|---|---|
| Format: | Printed Book |
| Language: | English |
| Published: |
Kottayam
D C Books
2012
|
| Subjects: |
| LEADER | 00535 a2200169 4500 | ||
|---|---|---|---|
| 005 | 20151026133310.0 | ||
| 008 | 141021b xxu||||| |||| 00| 0 eng d | ||
| 020 | |a 9788126434077 | ||
| 080 | |a 89M-4 |b MUR/B | ||
| 100 | |a Murali, Vaikom | ||
| 245 | |a Book shelf | ||
| 260 | |c 2012 |b D C Books |a Kottayam | ||
| 300 | |a 352p. | ||
| 653 | |a Essays - Malayalam literature | ||
| 942 | |c BK |6 _ | ||
| 999 | |c 67581 |d 67581 | ||
| 952 | |0 0 |1 0 |2 udc |4 0 |6 89M4_MURB |7 0 |9 79764 |a UL |b UL |d 2013-12-12 |g 0.00 |l 1 |o 89M-4 MUR/B |p 00071108 |r 2014-12-04 |s 2014-11-19 |v 0.00 |w 2013-12-12 |y BK | ||